Modern Digital Electronics (Record no. 4879)
[ view plain ]
| 000 -LEADER | |
|---|---|
| fixed length control field | 00364nam a2200157Ia 4500 |
| 003 - CONTROL NUMBER IDENTIFIER | |
| control field | OSt |
| 005 - DATE AND TIME OF LATEST TRANSACTION | |
| control field | 20240219120646.0 |
| 008 - FIXED-LENGTH DATA ELEMENTS--GENERAL INFORMATION | |
| fixed length control field | 170524s9999 xx 000 0 und d |
| 020 ## - INTERNATIONAL STANDARD BOOK NUMBER | |
| International Standard Book Number | 978-0070669116 |
| 040 ## - CATALOGING SOURCE | |
| Transcribing agency | IIMT UNIVERSITY MEERUT |
| 100 ## - MAIN ENTRY--PERSONAL NAME | |
| Personal name | Jain RP |
| 245 #0 - TITLE STATEMENT | |
| Title | Modern Digital Electronics |
| 260 ## - PUBLICATION, DISTRIBUTION, ETC. | |
| Name of publisher, distributor, etc. | TMH New Delhi |
| 260 ## - PUBLICATION, DISTRIBUTION, ETC. | |
| Date of publication, distribution, etc. | 2008 |
| 942 ## - ADDED ENTRY ELEMENTS (KOHA) | |
| Source of classification or shelving scheme | |
| Koha item type | Book Bank |
| Withdrawn status | Lost status | Source of classification or shelving scheme | Damaged status | Not for loan | Home library | Current library | Date acquired | Barcode | Date last seen | Uniform Resource Identifier | Price effective from | Koha item type | Total Checkouts | Date last checked out |
|---|---|---|---|---|---|---|---|---|---|---|---|---|---|---|
| IIMT University Central Library Meerut | IIMT University Central Library Meerut | 05/31/2017 | 01-B-41559 | 05/31/2017 | Electrical Engineering | 05/31/2017 | Book Bank | |||||||
| IIMT University Central Library Meerut | IIMT University Central Library Meerut | 05/31/2017 | 01-B-41560 | 01/17/2018 | Electrical Engineering | 05/31/2017 | Book Bank | 1 | 09/06/2017 | |||||
| IIMT University Central Library Meerut | IIMT University Central Library Meerut | 05/31/2017 | 01-B-41561 | 06/27/2025 | Electrical Engineering | 05/31/2017 | Book Bank | 4 | 02/27/2025 | |||||
| IIMT University Central Library Meerut | IIMT University Central Library Meerut | 05/31/2017 | 01-B-41562 | 11/16/2018 | Electrical Engineering | 05/31/2017 | Book Bank | 2 | 10/04/2017 | |||||
| IIMT University Central Library Meerut | IIMT University Central Library Meerut | 05/31/2017 | 01-B-41563 | 01/24/2018 | Electrical Engineering | 05/31/2017 | Book Bank | 2 | 10/04/2017 | |||||
| IIMT University Central Library Meerut | IIMT University Central Library Meerut | 05/31/2017 | 01-B-41564 | 06/24/2023 | Electrical Engineering | 05/31/2017 | Book Bank | 5 | 04/25/2023 | |||||
| IIMT University Central Library Meerut | IIMT University Central Library Meerut | 05/31/2017 | 01-B-41565 | 07/07/2023 | Electrical Engineering | 05/31/2017 | Book Bank | 3 | 04/25/2023 | |||||
| IIMT University Central Library Meerut | IIMT University Central Library Meerut | 05/31/2017 | 01-B-41566 | 01/31/2026 | Electrical Engineering | 05/31/2017 | Book Bank | 4 | 08/27/2025 | |||||
| IIMT University Central Library Meerut | IIMT University Central Library Meerut | 05/31/2017 | 01-B-41567 | 06/24/2023 | Electrical Engineering | 05/31/2017 | Book Bank | 5 | 04/13/2023 | |||||
| IIMT University Central Library Meerut | IIMT University Central Library Meerut | 05/31/2017 | 01-B-41568 | 01/15/2018 | Electrical Engineering | 05/31/2017 | Book Bank | 2 | 10/04/2017 |

